Schaums outline of theory and problems of combinatorics (Record no. 241248)

MARC details
000 -LEADER
fixed length control field 01178nam a22002537a 4500
005 - DATE AND TIME OF LATEST TRANSACTION
control field 20260415164720.0
008 - FIXED-LENGTH DATA ELEMENTS--GENERAL INFORMATION
fixed length control field 260415b |||||||| |||| 00| 0 eng d
020 ## - INTERNATIONAL STANDARD BOOK NUMBER
International Standard Book Number 9789389691252
040 ## - CATALOGING SOURCE
Transcribing agency AL
041 ## - LANGUAGE CODE
Language code of text/sound track or separate title eng
082 ## - DEWEY DECIMAL CLASSIFICATION NUMBER
Classification number 511.6
Item number BALS
100 ## - MAIN ENTRY--PERSONAL NAME
Personal name V K Balakrishnan
100 ## - MAIN ENTRY--PERSONAL NAME
9 (RLIN) 261719
245 ## - TITLE STATEMENT
Title Schaums outline of theory and problems of combinatorics
260 ## - PUBLICATION, DISTRIBUTION, ETC.
Place of publication, distribution, etc. New York
Name of publisher, distributor, etc. McGraw Hill Education India Pvt Ltd
Date of publication, distribution, etc. 2020
300 ## - PHYSICAL DESCRIPTION
Extent viii,200p
Other physical details PB
Dimensions 28x20.5cm
365 ## - TRADE PRICE
Source of price type code Infornation Science and Engineering
Price type code VBI-2645
Price amount ₹543.75
Currency code
Unit of pricing ₹725.00
Price note 25%
Price effective from 20-02-2026
440 ## - SERIES STATEMENT/ADDED ENTRY--TITLE
Title Schaums Outline Series
9 (RLIN) 261696
520 ## - SUMMARY, ETC.
Summary, etc. Combinatorics deals with the enumeration, existence, analysis, and optimization of discrete structures. With this study guide, students can master this growing field-withh applications in several physical and social sciences, including Chemistry, computer Science, operations research, and statistics. Includes hundreds of problems with detailed solutions.
650 ## - SUBJECT ADDED ENTRY--TOPICAL TERM
Topical term or geographic name entry element Combinational Analyis
9 (RLIN) 261697
650 ## - SUBJECT ADDED ENTRY--TOPICAL TERM
Topical term or geographic name entry element Outlines Syllabi
9 (RLIN) 261698
650 ## - SUBJECT ADDED ENTRY--TOPICAL TERM
Topical term or geographic name entry element Recurrence Relations
9 (RLIN) 261720
650 ## - SUBJECT ADDED ENTRY--TOPICAL TERM
Topical term or geographic name entry element Combinatorics
9 (RLIN) 261721
942 ## - ADDED ENTRY ELEMENTS (KOHA)
Source of classification or shelving scheme Dewey Decimal Classification
Koha item type Book
Holdings
Withdrawn status Lost status Source of classification or shelving scheme Damaged status Not for loan Collection code Home library Current library Date acquired Source of acquisition Cost, normal purchase price Total Checkouts Full call number Barcode Date last seen Cost, replacement price Price effective from Koha item type
    Dewey Decimal Classification     Information Science and Engineering St Aloysius Engineering Library St Aloysius Engineering Library 04/13/2026 Vidyarthi books 543.75   511.6 BALS SE000524 04/15/2026 725.00 02/20/2026 Book